00946cam a2200277 a 45000010008000000030012000080050017000200080041000370100017000780200015000950200015001100400017001250500023001420820016001651000029001812450046002102500012002562600112002683000034003805000020004146500051004349060045004859420012005309990017005429520109005593104946NUST - PNEC20170116181137.0990127s1998 enka f 001 0 eng  a 99166317  a0750639342 a0831130857 aDLCcLIBRARY00aTS156.8b.P24 199800a670.427 PAR1 aParr, E. A.q(E. Andrew)10aIndustrial control handbook /cE.A. Parr. a3rd ed. aOxford, England ;aBoston :bNewnes ;aNew York :bAvailable in North America from Industrial Press,c1998. axix, 802 p. :bill. ;c24 cm. aIncludes index. 0aProcess controlxHandbooks, manuals, etc.xIME a7bcbccorignewd2encipf19gy-gencatlg 2ddccBK c70312d70312 00102ddc4070aPNECbPNECcREFd0000-00-00l0o670.427 PARpPNECLIB-027170r2015-10-07w0000-00-00yBK